000 01428cad a22002535a 4500
001 L155316
008 120316s2012 xxk f 000 0 eng d
035 _a(Sirsi) u155316
041 0 _aeng
110 2 _aUnited Kingdom
_kLaws, etc.
_95044
245 0 4 _aThe Energy Performance of Buildings (Certificates and Inspections)(England and Wales)(Amendment) Regulations 2012
_h[electronic resource}
260 _aLondon
_bHM Government
_c2012
490 0 _aSI
_v2012: 809
520 _aRegulation 12 of these regulations comes into force on 5 April 2012 and the remainder of the regulations come into force on 6 April 2012. These regulations amend the Energy Performance of Buildings (Certificates and Inspections) (England and Wales) Regulations 2007 by permitting the data contained in Energy Performance Cerficates, Display Energy Certificates and Air-Conditioning Inspection Reports to be made publicly available subject to certain conditions.
590 _aKA NTK
650 2 4 _aENERGY PERFORMANCE OF BUILDINGS (CERTIFICATES AND INSPECTIONS) (ENGLAND AND WALES) (AMENDMENT) REGULATIONS 2012
651 4 _aENGLAND AND WALES
690 _aResidential property
_96266
690 _aCommercial property
_96227
690 _aSUSTAINABILITY
_96271
690 _aENERGY
_96237
856 4 0 _uhttps://www.legislation.gov.uk/uksi/2007/991/contents/made
_zView the legislation free of charge at www.legislation.gov.uk
942 _n0
999 _c113477
_d113477